| 000 | 00985nam a2200325 a 4500 | ||
|---|---|---|---|
| 008 | |||
| 020 | _a0091570611 (paperback) | ||
| 040 |
_aNUST _cNUST |
||
| 049 | _aMAIN | ||
| 090 |
_aRA781.63 _bTOB |
||
| 100 | 1 |
_aTobias, Maxine., _aauthor. |
|
| 245 | 1 | 0 |
_aStretch & relax/ _c Maxine Tobias & Mary Stewart. |
| 260 |
_aSurrey Hills, Australia : _bCentury Hutchinson, _c1985. |
||
| 300 |
_a160 pages : _billustrations (some colour) ; _c28 cm. |
||
| 336 |
_atext _btxt _2rdacontent |
||
| 337 |
_aunmediated _bn _2rdamedia |
||
| 338 |
_avolume _bnc _2rdacarrier |
||
| 500 | _aIncludes index. | ||
| 650 | 1 | _aRelaxation. | |
| 650 | _aMuscle tone. | ||
| 650 | _aStretch (Physiology). | ||
| 650 |
_aYoga _xTherapeutic use. |
||
| 650 | _aExercise. | ||
| 650 | _aPhysical fitness. | ||
| 700 |
_aStewart, Mary., _aauthor. |
||
| 907 |
_a.b10409816 _b21-09-21 _c21-09-21 |
||
| 003 | |||
| 005 | 20230123141222.0 | ||
| 942 |
_cBOOKS _kRA781.63 _mTOB |
||
| 999 |
_c169720 _d169720 |
||